Boundary elements and other mesh reduction methods XXXVII : 37th international conference BEM/MRM. New Forest, UK, 8-10 September 2014

Gespeichert in:
Bibliographische Detailangaben
Weitere Verfasser: Brebbia, C.A (Herausgegeben von), Cheng, A.H.-D (Herausgegeben von), Abersek, B. (Rezension), Dineva, P. (Rezension), Kansa, E. (Rezension)
Format: Buch
Sprache:Englisch
Veröffentlicht: Southampton : WIT Press, 2014
Tags: Tag hinzufügen
Keine Tags, Fügen Sie das erste Tag hinzu!

MARC

LEADER 00000nam a22000003a 4500
001 stu301250
005 20150617230313.4
008 141120s--------uk------------------eng-d
020 |a 978-1-84564-896-1 
040 |a STU  |b slo 
041 0 |a eng 
044 |a uk 
100 1 |a Brebbia, C.A.  |4 edt 
245 1 |a Boundary elements and other mesh reduction methods XXXVII :  |b 37th international conference BEM/MRM. New Forest, UK, 8-10 September 2014 
260 |a Southampton :  |b WIT Press,  |c 2014 
300 |a 304 s 
700 1 |a Cheng, A.H.-D.  |4 edt 
700 1 |a Abersek, B.  |4 rev 
700 1 |a Dineva, P.  |4 rev 
700 1 |a Kansa, E.  |4 rev 
996 |b 284J043352  |c J*117443  |l J  |s P  |a 0  |w stu301250_0001